[Event "Torroella de Montgri U2200 2nd"]
[Site "Torroella de Montgri"]
[Date "2019.09.07"]
[Round "3.7"]
[White "Rojas Farreras, Josep"]
[Black "Sanz Ogaya, Mario"]
[Result "1/2-1/2"]
[WhiteElo "1618"]
[BlackElo "1921"]
[PlyCount "59"]
[EventDate "2019.09.06"]
[EventType "swiss"]
[EventRounds "7"]
[EventCountry "ESP"]
[SourceTitle "EXT 2024"]
[Source "ChessBase"]
[SourceDate "2023.10.10"]
[SourceVersion "1"]
[SourceVersionDate "2023.10.10"]
[SourceQuality "1"]

1. e4 c5 2. Nc3 g6 3. f4 Bg7 4. g3 Nc6 5. Nf3 e6 6. d3 Nge7 7. Bg2 d6 8. 0-0 0-0 9. Rb1 Rb8 10. Ne2 b5 11. c4 Qa5 12. a3 Ba6 13. Bd2 Qb6 14. b3 Nd4 15. Nexd4 cxd4 16. a4 bxc4 17. bxc4 Qc7 18. Rxb8 Rxb8 19. Qc2 d5 20. Rb1 Rxb1+ 21. Qxb1 dxc4 22. dxc4 Nc6 23. Bf1 Bf8 24. e5 Bc5 25. Bd3 Bb7 26. Qb5 Qb6 27. Qxb6 axb6 28. Be4 Na5 29. Bxb7 Nxb7 30. Kf1 1/2-1/2

[Event "Mataro Vinas Memorial 14th"]
[Site "Mataro"]
[Date "2018.06.09"]
[Round "9"]
[White "Colome Rovira, Oscar"]
[Black "Sanz Ogaya, Mario"]
[Result "0-1"]
[WhiteElo "1777"]
[BlackElo "1959"]
[PlyCount "60"]
[EventDate "2018.04.07"]
[EventType "swiss"]
[EventRounds "9"]
[EventCountry "ESP"]
[SourceTitle "EXT 2019"]
[Source "ChessBase"]
[SourceDate "2018.10.10"]
[SourceVersion "1"]
[SourceVersionDate "2018.10.10"]
[SourceQuality "1"]

1. e4 c5 2. Nf3 g6 3. d4 cxd4 4. Nxd4 Bg7 5. Nc3 Nc6 6. Be3 Qa5 7. Bc4 Nf6 8. 0-0 0-0 9. Bb3 d6 10. f3 Bd7 11. Qd2 Qh5 12. Nce2 Nxd4 13. Bxd4 Qb5 14. Rad1 Rfc8 15. Kh1 Qc6 16. Bc3 Qc7 17. Rfe1 a5 18. a3 b5 19. Ng3 Be8 20. e5 dxe5 21. Bxe5 Qc5 22. Bd4 Qc7 23. c3 Rd8 24. Qe3 Rd7 25. Bb6 Qc6 26. Rxd7 Nxd7 27. Bxa5 Rxa5 28. Qxe7 Ra8 29. Ne4 Bf8 30. Qg5 h6 0-1

[Event "Mataro Vinas Memorial 14th"]
[Site "Mataro"]
[Date "2018.05.12"]
[Round "5"]
[White "Sanz Ogaya, Mario"]
[Black "Lujan Moreno, Royer Manuel"]
[Result "1-0"]
[WhiteElo "1959"]
[BlackElo "1536"]
[PlyCount "105"]
[EventDate "2018.04.07"]
[EventType "swiss"]
[EventRounds "9"]
[EventCountry "ESP"]
[SourceTitle "EXT 2019"]
[Source "ChessBase"]
[SourceDate "2018.10.10"]
[SourceVersion "1"]
[SourceVersionDate "2018.10.10"]
[SourceQuality "1"]

1. e4 e5 2. Nf3 Nc6 3. Bb5 d6 4. d4 Bd7 5. 0-0 Nf6 6. Nc3 a6 7. Bc4 h6 8. h3 Be7 9. a3 0-0 10. Re1 Nh7 11. Nd5 Kh8 12. dxe5 dxe5 13. b4 Bd6 14. Bb2 Be6 15. Ne3 Ng5 16. Bxe6 fxe6 17. Nxg5 Qxg5 18. Qg4 Qf6 19. Rf1 b5 20. f4 Qe7 21. f5 Rae8 22. fxe6 Rxf1+ 23. Rxf1 Qxe6 24. Nf5 Rg8 25. Nxd6 Qxg4 26. Nf7+ Kh7 27. hxg4 Re8 28. Rd1 Kg6 29. Rd7 Re6 30. Nd8 Nxd8 31. Rxd8 Kg5 32. Bc1+ Kxg4 33. Rd7 g5 34. Rxc7 Kg3 35. Rc3+ Kg4 36. Kh2 Rd6 37. Rc5 Re6 38. Rd5 h5 39. Rd3 h4 40. Rf3 Rh6 41. Rf5 Rh5 42. Rxe5 h3 43. g3 Rh7 44. Rxg5+ Kf3 45. e5 Rc7 46. Rf5+ Ke4 47. Rf2 Kxe5 48. Bf4+ Kd4 49. Bxc7 Kc3 50. Rf3+ Kxc2 51. g4 Kd2 52. g5 Ke2 53. Rg3 1-0

[Event "Mataro Vinas Memorial 14th"]
[Site "Mataro"]
[Date "2018.04.07"]
[Round "1"]
[White "Sanz Ogaya, Mario"]
[Black "Goloubev Goloubeva, Maria"]
[Result "1-0"]
[WhiteElo "1959"]
[BlackElo "1504"]
[PlyCount "65"]
[EventDate "2018.04.07"]
[EventType "swiss"]
[EventRounds "9"]
[EventCountry "ESP"]
[SourceTitle "EXT 2019"]
[Source "ChessBase"]
[SourceDate "2018.10.10"]
[SourceVersion "1"]
[SourceVersionDate "2018.10.10"]
[SourceQuality "1"]

1. c4 Nf6 2. g3 g6 3. Bg2 Bg7 4. Nc3 0-0 5. Nf3 c5 6. 0-0 Nc6 7. d4 cxd4 8. Nxd4 Nxd4 9. Qxd4 d6 10. b3 a6 11. Bb2 Qc7 12. Qd2 Rb8 13. Rac1 Qd7 14. e4 b6 15. Rfe1 Bb7 16. Qe2 Rfd8 17. Rcd1 Qc7 18. Rd3 Rd7 19. Bc1 Bc6 20. Nd5 Bxd5 21. exd5 b5 22. Bh3 bxc4 23. Rc3 Rdd8 24. Rxc4 Qa5 25. Ra4 Qxd5 26. Rxa6 Re8 27. Bg2 Qb5 28. Qxb5 Rxb5 29. Bc6 Rc5 30. Bxe8 Nxe8 31. b4 Re5 32. Rxe5 Bxe5 33. Ra8 1-0

[Event "Mollet del Valles op 4th"]
[Site "Mollet del Valles"]
[Date "2016.10.07"]
[Round "2"]
[White "Sanz Ogaya, Mario"]
[Black "Martinez Hernandez, Emili"]
[Result "1/2-1/2"]
[WhiteElo "2023"]
[BlackElo "1817"]
[PlyCount "42"]
[EventDate "2016.09.30"]
[EventType "swiss"]
[EventRounds "9"]
[EventCountry "ESP"]
[SourceTitle "EXT 2018"]
[Source "ChessBase"]
[SourceDate "2017.10.13"]
[SourceVersion "1"]
[SourceVersionDate "2017.10.13"]
[SourceQuality "1"]

1. c4 Nf6 2. Nf3 g6 3. g3 Bg7 4. Bg2 c6 5. Nc3 0-0 6. d4 d5 7. 0-0 Ne4 8. cxd5 Nxc3 9. bxc3 cxd5 10. Bf4 Nc6 11. Re1 Bg4 12. Qb3 Qd7 13. Nd2 Be6 14. Rab1 b6 15. Qb5 Rac8 16. Rec1 Rfd8 17. f3 Na5 18. Qd3 Nc4 19. e4 Nxd2 20. Bxd2 dxe4 21. fxe4 Bxa2 1/2-1/2

[Event "Vall del Tenes op 4th"]
[Site "Santa Eulalia de Roncana"]
[Date "2015.05.29"]
[Round "7"]
[White "Sanz Ogaya, Mario"]
[Black "Costa Trave, Jaume"]
[Result "1-0"]
[WhiteElo "1998"]
[BlackElo "2145"]
[PlyCount "141"]
[EventDate "2015.04.10"]
[EventType "swiss"]
[EventRounds "8"]
[EventCountry "ESP"]
[SourceTitle "CBM 166 Extra"]
[Source "ChessBase"]
[SourceDate "2015.06.18"]
[SourceVersion "1"]
[SourceVersionDate "2015.06.18"]
[SourceQuality "1"]

1. e4 c5 2. Nf3 e6 3. d4 cxd4 4. Nxd4 a6 5. c4 Qc7 6. Nc3 b6 7. a3 Bb7 8. Be3 Nf6 9. f3 d6 10. Be2 Nbd7 11. 0-0 Be7 12. Rc1 0-0 13. Qd2 Rac8 14. Rfd1 Rfd8 15. b4 Ne5 16. Na4 Nfd7 17. Bf1 h6 18. Qf2 Rb8 19. Nb3 Bc8 20. Nd4 Nf8 21. Qg3 Nfg6 22. b5 Bh4 23. Qh3 Bg5 24. Bxg5 hxg5 25. Qg3 Qe7 26. Qf2 Qa7 27. Nc3 a5 28. g3 Bb7 29. f4 gxf4 30. gxf4 Ng4 31. Qg3 Nf6 32. Nxe6 fxe6 33. Qxg6 Ba8 34. Rd3 Qf7 35. Qxf7+ Kxf7 36. Re3 Nd7 37. e5 dxe5 38. fxe5 Nc5 39. Bg2 Bxg2 40. Kxg2 Rd2+ 41. Re2 Rxe2+ 42. Nxe2 Nd3 43. Rf1+ Ke7 44. Nd4 Rh8 45. Nc6+ Ke8 46. Rd1 Nf4+ 47. Kf3 Rh4 48. Rd8+ Kf7 49. Rd7+ Kf8 50. c5 Nd5 51. Rxd5 exd5 52. cxb6 Rh3+ 53. Kf4 g5+ 54. Kxg5 Rh7 55. Nxa5 d4 56. Kf4 Rd7 57. b7 Rd8 58. Nc4 d3 59. Ke3 Ke7 60. Kd2 Ke6 61. a4 Kd5 62. Kxd3 Kc5+ 63. Kc3 Rh8 64. Nd6 Kb6 65. a5+ Ka7 66. Kc4 Rxh2 67. a6 Kb8 68. Kc5 Rh6 69. Kc6 Re6 70. Kd5 Re7 71. a7+ 1-0

[Event "Barcelona Sant Marti op-B 16th"]
[Site "Barcelona"]
[Date "2014.07.18"]
[Round "6"]
[White "Sanz Ogaya, Mario"]
[Black "Valbuena Castro, Gregorio"]
[Result "1-0"]
[WhiteElo "1700"]
[BlackElo "1851"]
[PlyCount "57"]
[EventDate "2014.07.13"]
[EventType "swiss"]
[EventRounds "9"]
[EventCountry "ESP"]
[SourceTitle "CBM 161 Extra"]
[Source "ChessBase"]
[SourceDate "2014.08.29"]
[SourceVersion "1"]
[SourceVersionDate "2014.08.29"]
[SourceQuality "1"]

1. Nf3 Nf6 2. g3 c5 3. c4 Nc6 4. Bg2 d5 5. cxd5 Nxd5 6. 0-0 e5 7. d3 Be7 8. Nc3 Be6 9. Bd2 0-0 10. Qc1 f6 11. a3 Rc8 12. Qd1 Nd4 13. Nxd4 cxd4 14. Nxd5 Bxd5 15. Bxd5+ Qxd5 16. Qa4 a5 17. Rfc1 b5 18. Qd1 a4 19. Rab1 Qa2 20. h3 Qe6 21. Kh2 Rxc1 22. Rxc1 Rc8 23. Rc2 Kf7 24. Qc1 Rxc2 25. Qxc2 Qb3 26. Qc7 Ke6 27. Qc8+ Kd5 28. Qd7+ Bd6 29. Bb4 1-0

[Event "Barcelona Sant Marti op-B 16th"]
[Site "Barcelona"]
[Date "2014.07.15"]
[Round "3"]
[White "Navarro Pastor, Raul"]
[Black "Sanz Ogaya, Mario"]
[Result "0-1"]
[WhiteElo "1868"]
[BlackElo "1700"]
[PlyCount "112"]
[EventDate "2014.07.13"]
[EventType "swiss"]
[EventRounds "9"]
[EventCountry "ESP"]
[SourceTitle "CBM 161 Extra"]
[Source "ChessBase"]
[SourceDate "2014.08.29"]
[SourceVersion "1"]
[SourceVersionDate "2014.08.29"]
[SourceQuality "1"]

1. e4 c5 2. Nf3 Nc6 3. d4 cxd4 4. Nxd4 Nf6 5. Nc3 g6 6. Be3 Bg7 7. Bc4 Qa5 8. 0-0 Qb4 9. Bb3 0-0 10. a3 Qa5 11. f3 d6 12. Qc1 Rd8 13. h3 Qh5 14. Qd2 Bd7 15. Qf2 a6 16. Rad1 b5 17. Bd5 Rac8 18. Bxc6 Bxc6 19. Nxc6 Rxc6 20. f4 Rxc3 21. bxc3 Nxe4 22. Qf3 Qxf3 23. Rxf3 Bxc3 24. Bd4 Bxd4+ 25. Rxd4 d5 26. Rfd3 Nf6 27. a4 Rc8 28. axb5 axb5 29. c3 Rc4 30. Rxc4 bxc4 31. Rd1 e6 32. Kf1 Ne4 33. Rc1 Kg7 34. Ke2 h6 35. Ke3 g5 36. fxg5 hxg5 37. Kd4 Kg6 38. Rf1 f6 39. g4 Nd2 40. Rf2 Nb3+ 41. Ke3 Kf7 42. Ra2 Nc5 43. Kd4 Nd7 44. Ra7 Ke7 45. Ra6 Nb8 46. Rb6 Nd7 47. Ra6 Ne5 48. Ke3 Ng6 49. Kf3 Nf4 50. Kg3 Ne2+ 51. Kf3 Nxc3 52. Ke3 Ne4 53. Rc6 Kd7 54. Rb6 c3 55. Kd3 Kc7 56. Rb4 Kd6 0-1

[Event "Vall del Tenes op 3rd"]
[Site "Santa Eulalia de Roncana"]
[Date "2014.05.23"]
[Round "5"]
[White "Canovas Quesada, Joan Josep"]
[Black "Sanz Ogaya, Mario"]
[Result "0-1"]
[WhiteElo "2008"]
[BlackElo "1700"]
[PlyCount "92"]
[EventDate "2014.04.25"]
[EventType "swiss"]
[EventRounds "8"]
[EventCountry "ESP"]
[SourceTitle "CBM 160 Extra"]
[Source "ChessBase"]
[SourceDate "2014.07.01"]
[SourceVersion "1"]
[SourceVersionDate "2014.07.01"]
[SourceQuality "1"]

1. e4 c5 2. Nf3 Nc6 3. d4 cxd4 4. Nxd4 g6 5. Nc3 Bg7 6. Be3 Nf6 7. Qd2 0-0 8. 0-0-0 Ng4 9. Nxc6 bxc6 10. f3 Nxe3 11. Qxe3 Qa5 12. Bc4 Rb8 13. Bb3 d6 14. Na4 Be6 15. h4 c5 16. Bxe6 fxe6 17. b3 Be5 18. Kb1 Qxa4 19. h5 Qa3 20. Qc1 Qxc1+ 21. Kxc1 Bf4+ 22. Kb1 g5 23. c4 a5 24. Kc2 a4 25. Rd3 axb3+ 26. axb3 Ra8 27. Rb1 Rfb8 28. g4 Be5 29. Kd1 Ra2 30. Rd2 Rba8 31. Rxa2 Rxa2 32. b4 Rb2 33. Rxb2 Bxb2 34. b5 Bc3 35. b6 Ba5 36. b7 Bc7 37. Kd2 Kf7 38. Kc3 Ke8 39. Kb3 e5 40. Ka4 Kd7 41. Kb5 h6 42. Ka6 Bb8 43. Kb6 e6 44. Kb5 Kc7 45. Ka6 Kc6 46. Ka5 Kxb7 0-1

[Event "Vall del Tenes op 3rd"]
[Site "Santa Eulalia de Roncana"]
[Date "2014.05.16"]
[Round "4"]
[White "Sanz Ogaya, Mario"]
[Black "Sola Lluch, Miquel"]
[Result "1-0"]
[WhiteElo "1700"]
[BlackElo "2054"]
[PlyCount "130"]
[EventDate "2014.04.25"]
[EventType "swiss"]
[EventRounds "8"]
[EventCountry "ESP"]
[SourceTitle "CBM 160 Extra"]
[Source "ChessBase"]
[SourceDate "2014.07.01"]
[SourceVersion "1"]
[SourceVersionDate "2014.07.01"]
[SourceQuality "1"]

1. e4 e5 2. Nf3 Nc6 3. Bb5 a6 4. Ba4 Nf6 5. d3 d6 6. a3 Be7 7. h3 0-0 8. 0-0 b5 9. Bb3 Na5 10. Ba2 c5 11. Be3 Bb7 12. Nbd2 Qc7 13. Qe2 d5 14. Bg5 dxe4 15. Nxe4 Nxe4 16. Bxe7 Qxe7 17. dxe4 c4 18. Rfd1 Rad8 19. a4 Bc6 20. Nd2 Qb4 21. b3 c3 22. axb5 Bxb5 23. Nc4 Nc6 24. Rxd8 Rxd8 25. Rd1 Nd4 26. Qe1 f6 27. Ne3 Bc6 28. f3 Rc8 29. Kh2 h6 30. Rd3 Bb7 31. Bb1 a5 32. Nd1 Nxb3 33. Ba2 Kh7 34. Bxb3 a4 35. Be6 Ra8 36. Qxc3 Qb1 37. Qa3 Qxc2 38. Ne3 Qc6 39. Bd5 Qc7 40. Rc3 Qb8 41. Qb2 Bxd5 42. Qxb8 Rxb8 43. Nxd5 Ra8 44. Ra3 Ra6 45. Kg3 Kg6 46. f4 exf4+ 47. Kxf4 Kf7 48. Ke3 g6 49. Nc3 Re6 50. Rxa4 f5 51. Ra7+ Kf6 52. Ra5 fxe4 53. Nxe4+ Kg7 54. Ra7+ Kh8 55. Kf4 Rb6 56. h4 Rc6 57. g4 Rb6 58. g5 h5 59. Rd7 Rb4 60. Kf3 Ra4 61. Nf6 Ra3+ 62. Ke4 Re3+ 63. Kd5 Rd3+ 64. Ke6 Re3+ 65. Kf7 Re8 1-0